| 000 | 00788nam a2200289 a 4500 | ||
|---|---|---|---|
| 003 | AR-BaBNM | ||
| 005 | 20251128210029.0 | ||
| 008 | 082120s2002 ||||||||||||||000 | spa|| | ||
| 020 | _a0-201-50352-2 | ||
| 040 | _cAR-BaBNM | ||
| 100 | 1 | _aDubin, Fraida | |
| 245 | 0 | 0 |
_aReading by all means _breading improvement strategies for english language learners |
| 260 |
_aReading _bAddison-Wesley _c1990 |
||
| 300 |
_a206 p. _bil., gráfs. |
||
| 650 | 4 | _aINGLES | |
| 650 | 4 | _aLENGUAS GERMANICAS | |
| 650 | 4 | _aENSEÑANZA DE IDIOMAS | |
| 650 | 4 | _aACTIVIDADES DE APRENDIZAJE | |
| 650 | 4 | _aGRAMATICA | |
| 650 | 4 | _aENSEÑANZA DEL VOCABULARIO | |
| 650 | 4 | _aVOCABULARIO | |
| 650 | 4 | _aSINTAXIS | |
| 650 | 4 | _aCOMPRENSION | |
| 700 | 1 | _aOlshtain, Elite | |
| 942 | _cBK | ||
| 998 | _cMARTIN | ||
| 999 |
_c13781 _d13781 |
||